| 000 | 00816cab a2200289 4500 | ||
|---|---|---|---|
| 001 | X3037 | ||
| 008 | 090401t1995 xxu||||| |||| 00| 0 eng d | ||
| 035 | _a(Sirsi) u28132 | ||
| 041 | _aeng | ||
| 100 | _aFry, G. | ||
| 245 | _aStrategic planning in Wales | ||
| 260 | _c1995 | ||
| 350 | _a0 | ||
| 490 |
_aCSM (Chartered Surveyor Monthly) _v5(2) October 1995, 48(1) |
||
| 520 | _aLooks at coastal planning initiatives and issues in Wales, with summary of major coastal developments in recent years. | ||
| 650 | _aCARDIFF BAY | ||
| 650 | _aCOASTAL PLANNING | ||
| 650 | _aCOASTAL ZONES | ||
| 650 | _aGWENT LEVELS | ||
| 650 | _aSEVERN CROSSING | ||
| 650 | _aUSK BARRAGE | ||
| 650 | _aWALES | ||
| 690 | _aMARINE RESOURCES | ||
| 690 | _aPLANNING LAW AND PRACTICE | ||
| 942 | _n0 | ||
| 948 | _c04/03/1997 | ||
| 999 |
_c18970 _d18970 |
||